000 02643cam a22005894i 4500
003 PE-LiUPU
005 20250731173037.0
008 150519s2015 enk rb 001 0 eng d
020 _a9780567656414
035 _a(Sirsi) i9780567656414
035 _a(OCoLC)919488576
_z(OCoLC)919000247
_z(OCoLC)919561251
040 _aEQO
_bspa
_erda
_cEQO
_dYDXCP
_dCDX
_dOCLCF
_dNLE
_dDTM
_dOUP
_dOCLCA
_dPE-LiUPU
049 _aPRUA
050 4 _aBS2589
_b.S55 2015
082 0 4 _a226.406
_bS47
_223
100 1 _aShillington, V. G.
_q(V. George),
_eautor.
245 1 3 _aAn introduction to the study of Luke-Acts /
_cV. George Shillington.
250 _aSecond edition.
264 1 _aLondon :
_bBloomsbury T&T Clark,
_c2015.
300 _a172 páginas ;
_c23 centímetros
336 _atext
_2rdacontent
337 _aunmediated
_2rdamedia
338 _avolume
_2rdacarrier
490 0 _aT & T Clark approaches to biblical studies
504 _aBibliografía : páginas 161-167.
504 _aÍndice : páginas 169-172.
505 _aLuke-Acts: an aerial view -- Historical inquiry: composition, context, and intention -- Historical inquiry: events and people inside the text -- Social-science scenarios: where people think and live -- socio-rhetorical texture: membership in the new people of god -- Narrative discourse: poor and rich in the community of Christ -- Postcolonial engagement: missionary attitude and activity -- Feminist praxis: bothmen and women -- Theological interchange: saying to one another.
526 _aSEG42
526 _aSEG41
526 _aSEG40
526 _aSEG39
526 _aP94
526 _aP87
526 _aP86
526 _aP85
526 _aP77
526 _aP76
526 _aP35
630 0 0 _aBible.
_pActs
_xCriticism, interpretation, etc.
630 0 0 _aBible.
_pJohn
_xCriticism, interpretation, etc.
630 0 0 _aBible.
_pLuke
_xCriticism, interpretation, etc.
630 0 0 _aBiblia.
_pHechos
_xCrítica, interpretación, etc.
630 0 0 _aBiblia.
_pJuan
_xCrítica, interpretación, etc.
630 0 0 _aBiblia.
_pLucas
_xCrítica, interpretación, etc.
_91166
910 _adbm
_bebj
_cebj
_d20171213
942 _2ddc
_cBOOK
949 _a226.406 S47
_wDEWEY
_c1
_i77551
_lCATALOGING
_mBUL
_p25.95
_r0
_sY
_tBOOK
_u2017-12-13
_xPOSGRADO
_PP85
_0DONACION
_o.STAFF. Colección Teología.
994 _aC0
_bPEPRU
596 _a1
999 _a226.406 S47
_wDEWEY
_c26160
_i77551
_f2021-11-9
_g4
_lCCODEBUL1
_mBUL
_p25.95
_r0
_sY
_tBOOK
_u2017-12-13
_xTEOLOGIA
_PP85
_0COMPRA
_o.STAFF. Colección Teología.
_d26160
980 _81
_gALBERTO SANCHEZ Responsable de Automatización